| 000 | 00934nam a2200265Ia 4500 | ||
|---|---|---|---|
| 003 | OSt | ||
| 005 | 20220923211555.0 | ||
| 006 | a|||||r|||| 00| 0 | ||
| 007 | ta | ||
| 008 | 220922b |||||||| |||| 00| 0 san d | ||
| 020 |
_a9789385623264 (hbk) _c750 |
||
| 024 | _a348,240 | ||
| 037 |
_b239, 16/01/2019, Eastern Book Linkers _cTextual |
||
| 040 |
_aARTS _cARTS _bsan |
||
| 041 |
_2san _asan |
||
| 082 | _aR6, 152Q6 | ||
| 100 |
_aराय, शशिकान्त, ले. _9159121 |
||
| 245 | 0 | _aभारतीय दर्शन | |
| 246 | _aBhāratīya darshana | ||
| 260 |
_aदिल्ली _b माउंट हिल पब्लिशिंग कम्पनी _c2016 |
||
| 300 |
_a248पृ0 _ccm. |
||
| 650 | _aभारतीय दर्शन | ||
| 942 |
_hR6, 152Q6 _cTEXL _2CC |
||
| 999 |
_c300905 _d300905 |
||